| 000 | 00515nam a2200145Ia 4500 | ||
|---|---|---|---|
| 008 | 170221s9999 xx 000 0 und d | ||
| 100 | _aAnwar Khan | ||
| 245 | 2 | _aA Study on Dynamic Links between Resources, Work Engagement and Job Performance in Academia of Pakistan | |
| 245 | _cAnwar Khan, Rosman Bin Md Yusoff | ||
| 260 | _bInternational Review of Management and Marketing | ||
| 260 | _c2016 | ||
| 300 | _a6 : 3 | ||
| 650 | _xMarketing. | ||
| 856 | _uhttp://www.econjournals.com/index.php/irmm/issue/view/82 | ||
| 999 |
_c308083 _d308083 |
||